书目信息 |
| 题名: |
第三次世界大战会发生
|
|
| 作者: | 松冈洋子 著 ;辛冬柏 译 | |
| 分册: | ||
| 出版信息: | 北京 商务印书馆 1977 |
|
| 页数: | 76页 | |
| 开本: | 19cm | |
| 丛书名: | ||
| 单 册: | ||
| 中图分类: | D501 | |
| 科图分类: | ||
| 主题词: | 国际斗争 , 政治斗争 | |
| 电子资源: | ||
| ISBN: | ||
| 000 | 00678nam0 2200241 45 | |
| 001 | 0177003429 | |
| 005 | 20060912092517.21 | |
| 010 | @dCNY0.22 | |
| 100 | @a19951010d1977 em y0chiy0121 ea | |
| 101 | 1 | @achi@cjpn |
| 102 | @aCN@b110000 | |
| 105 | @aa z 000yy | |
| 200 | 10 | @a第三次世界大战会发生@Adi san ci shi jie da zhan hui fa sheng@f(日)松冈洋子著@g辛冬柏译 |
| 210 | @a北京@c商务印书馆@d1977 | |
| 215 | @a76页@c图表@d19cm | |
| 606 | @a国际斗争 | |
| 606 | @a政治斗争 | |
| 690 | @aD501@v3 | |
| 701 | 0 | @a松冈洋子@Asong gang yang zi@4著 |
| 702 | 0 | @a辛冬柏@Axin dong bai@4译 |
| 801 | 0 | @aCN@bTSSF@c20060912 |
| 801 | 2 | @aCN@bNLC@c20060731 |
| 905 | @a10447@dD501@e118 | |
| 第三次世界大战会发生/(日)松冈洋子著/辛冬柏译.-北京:商务印书馆,1977 |
| 76页:图表;19cm |
| ISBN :CNY0.22 |
| ● |
| 相关链接 |
|
|
|
|
正题名:第三次世界大战会发生
索取号:D501/118
 
预约/预借
| 序号 | 登录号 | 条形码 | 馆藏地/架位号 | 状态 | 备注 |
| 1 | 0440798 | 204407980 | 密集书库/ [索取号:D501/118] | 在馆 | |
| 2 | 0440799 | 204407999 | 密集书库/ [索取号:D501/118] | 在馆 | |
| 3 | 0472202 | 204722023 | 密集书库/ [索取号:D501/118] | 在馆 |